Indiayude rashtriya samvidhanam / (Record no. 6233)
[ view plain ]
| 000 -LEADER | |
|---|---|
| fixed length control field | 00469cam a2200181ua 4500 |
| 041 ## - LANGUAGE CODE | |
| Language code of text/sound track or separate title | mal |
| 082 ## - DEWEY DECIMAL CLASSIFICATION NUMBER | |
| Classification number | 320.154 |
| Item number | JAY/IN |
| 100 ## - MAIN ENTRY--AUTHOR NAME | |
| Personal name | Jaya Deva, Das . |
| 245 ## - TITLE STATEMENT | |
| Title | Indiayude rashtriya samvidhanam / |
| 260 ## - PUBLICATION, DISTRIBUTION, ETC. (IMPRINT) | |
| Place of publication | Thiruvananthapuram : |
| Name of publisher | State Instititute of Languages , |
| Year of publication | 1970. |
| 300 ## - PHYSICAL DESCRIPTION | |
| Number of Pages | 276 ; . |
| 942 ## - ADDED ENTRY ELEMENTS (KOHA) | |
| Koha item type | Books |
| Withdrawn status | Lost status | Damaged status | Home library | Current library | Date acquired | Full call number | Accession Number | Koha item type |
|---|---|---|---|---|---|---|---|---|
| KAUAET | KAUAET | 07/04/2012 | 320.154 | 13030 | Books | |||
| Withdrawn | KAUAET | Sanskrit University | 07/04/2012 | 320.154 | 12900 | Books |
